Benda bergerak
| Main Author: | |
|---|---|
| Format: | Book |
| Published: |
Kuala Lumpur :
Vinpress ,
1987
|
| Series: | Sains alam kehidupan
|
| Subjects: |
MARC
| LEADER | 00000cam a2200000 7i4500 | ||
|---|---|---|---|
| 001 | 0000002690 | ||
| 002 | 000002918 | ||
| 005 | 20060123.0 | ||
| 020 | |a 9678101394 | ||
| 090 | 0 | 0 | |a 500 |b KER |
| 100 | 1 | |a Kerrod, Robin | |
| 245 | 1 | 0 | |a Benda bergerak |c Robin Kerrod |
| 260 | |a Kuala Lumpur : |b Vinpress , |c 1987 | ||
| 300 | |a 52p. ; |c 29cm. | ||
| 490 | 0 | |a Sains alam kehidupan | |
| 650 | 0 | 0 | |a Science |x Juvenile literature |
| 999 | |a 036162 |b BUKU |c JUNIOR BOOKS |e PERPUSTAKAAN KOMUNITI CAW KOTA DAMANSARA | ||